000 00652nam a2200289Ia 4500
005 20260324150210.0
008 008 260324s9999 xx 000 0 eng d
020 _a9781315018447
037 _aEBOOK
040 _aCRL
040 _beng
040 _cCRL
041 _2eng
041 _aeng
084 _qCRL
100 _aT. R. Henn
_91225595
245 4 _aThe Living Image
245 0 _bShakespearean Essays
260 _bTaylor and Francis
260 _c1972
365 _a
365 _b130
856 _uhttp://www.taylorfrancis.com/books/9781315018447
942 _cEBOOK
999 _c1834652
_d1834652